000 00940cam a2200145ua 4500
041 _aeng
_h
082 _a624.15
_bIND/CO
110 1 _aIndian standards institution .
_bISI
_c()
245 _aCode of practice for calculation of settlement of foundations,IS:8009-1980 /
_cIndian standards institution.
_hTextual Documents
260 _aNew Delhi :
_bIndian Standards Institution ,
_c1985.
300 _a20 ; .
504 _a
942 _cBK
999 _c4459
_d4459